UBT Library

Civil procedure : (Record no. 43404)

000 -LEADER
fixed length control field 00722cam a2200241 a 4500
001 - CONTROL NUMBER
control field 15196311
005 - DATE AND TIME OF LATEST TRANSACTION
control field 20180226035017.0
008 - FIXED-LENGTH DATA ELEMENTS--GENERAL INFORMATION
fixed length control field 080227s2008 nyuak 001 0 eng
010 ## - LIBRARY OF CONGRESS CONTROL NUMBER
LC control number 2008009076
020 ## - INTERNATIONAL STANDARD BOOK NUMBER
International Standard Book Number 0735570337
040 ## - CATALOGING SOURCE
Original cataloging agency DLC
Transcribing agency DLC
Modifying agency DLC
041 ## - LANGUAGE CODE
Language code of text/sound track or separate title eng
043 ## - GEOGRAPHIC AREA CODE
Geographic area code n-us---
080 ## - UNIVERSAL DECIMAL CLASSIFICATION NUMBER
Universal Decimal Classification number 347.735 JOS
082 00 - DEWEY DECIMAL CLASSIFICATION NUMBER
Classification number 347.735 JOS
Edition number 22
100 1# - Rafti
Rafti 14
101 ## - Shkurtesa
Shkurtesa JUR
245 10 - TITLE STATEMENT
Title Civil procedure :
Statement of responsibility, etc Joseph W. Glannon.
504 ## - BIBLIOGRAPHY, ETC. NOTE
Bibliography, etc Includes index.
906 ## - LOCAL DATA ELEMENT F, LDF (RLIN)
a 7
b cbc
c orignew
d 1
e ecip
f 20
g y-gencatlg
942 ## - ADDED ENTRY ELEMENTS (KOHA)
Source of classification or shelving scheme
Item type Books
Holdings
Withdrawn status Lost status Source of classification or shelving scheme Damaged status Not for loan Collection code Permanent location Current location Shelving location Date acquired Total Checkouts Full call number Barcode Date last seen Price effective from Koha item type
          Koleksioni i përgjithshem UBT - Lipjan UBT - Lipjan Koleksioni i përgjithshem 02/26/2018   347.735 JOS 002-3000034 02/26/2018 02/26/2018 Books
UBT Library © 2015-2024. All rights reserved University Education for Business and Technology